000 00488nam a2200181Ia 4500
008 230524s9999 xx 000 0 und d
020 _a9788131705056
082 _a6.6
_bFOL
100 _aJames D.Foley
245 0 _aComputer Graphics Principles and practice
250 _a2ND
260 _aNEW DELHI
_bPearson
_c2004
300 _aXXII;'1153
500 _aQuantity Number: 47
650 _aComp-Sc
700 _a" Andries Van Dam,Steven K.Feiner , F.Hughes John,,"
942 _cBK
999 _c29387
_d29387